Marketingový strategický manažment

Guardado en:
Detalles Bibliográficos
Autor principal: Jedlička, Milan
Formato: Libro
Lenguaje:eslovaco
Publicado: Trnava Magna 2003
Materias:
Etiquetas: Agregar Etiqueta
Sin Etiquetas, Sea el primero en etiquetar este registro!

MARC

LEADER 00000nam$a2200000$$$4500
001 0002266
005 20240314091230.3
020 |a 80-85722-10-0 
041 0 |a slo 
044 |a SK 
245 1 0 |a Marketingový strategický manažment  |c Milan Jedlička 
264 1 |a Trnava  |b Magna  |c 2003 
300 |a 365 s. 
610 2 0 |a manažment strategický 
610 2 0 |a manažment 
610 2 0 |a stratégia podniková 
610 2 0 |a stratégia marketingová 
610 2 0 |a komunikácia marketingová 
610 2 0 |a komunikácia manažérska 
610 2 0 |a marketing 
610 2 0 |a marketing mix 
100 1 |a Jedlička, Milan